000
00275nam a22001217a 4500
082
_a
823
_b
SHA/T
100
_a
SHAKESPEARE, WILLIAM
245
_a
THREE SKAESPEARE TRAGEDIES
260
_a
DELHI
_b
MACMILLAN
_c
1956
300
_a
143
650
_a
ENGLISH STORY
_z
INDIA
942
_c
BK
999
_c
7337
_d
7337